LEADER 01428nam a2200265 4500 001 000000361809 003 CaOOAMICUS 005 20250224095521.0 008 250224s2009 xxu 000 u eng r 020 $a978-1-58983-202-2 040 $aSeMil$bita 100 1 $aReventlow, Henning,$d<1929-2010>.$0(OLS)http://semarc/name/2574 245 10$a1: From the Old Testament to Origen /$cby Henning Graft Reventlow ; translated by Leo G. Perdue. 264 1$aAtlanta :$bSociety of Biblical Literature,$c2009. 300 $aIX, 243 p. ;$c23 cm 490 1 $aResources for biblical study / Society of biblical literature ;$v50 700 1 $aPerdue, Leo G.,$d<1946-2017>.$0(OLS)http://semarc/name/21764 773 0 $aReventlow, Henning <1929-2010>$tHistory of biblical interpretation.$dAtlanta : Society of Biblical Literature, 2009-2010.$kResources for biblical study / Society of biblical literature$g1$w()361808 830 0$aResources for biblical study / Society of biblical literature ;$v50.$0(OLS)http://semarc/title/434025 850 $aSeMil 852 $aSeMil$W1$xVenegono$y1$m2Y VI 1$j254678$B252751$CSeMilBibl$Z2$F252751 $81 996 $6020$a978-1-58983-202-2$9(OLS)http://semarc/number/302536 996 $6245$a1: From the Old Testament to Origen$9(OLS)http://semarc/title/452598 996 $6264$aAtlanta :$bSociety of Biblical Literature$9(OLS)http://semarc/publisher/59647 LEADER 01358nam a2200241 i 4500 001 000000157676 003 CaOOAMICUS 005 20220506143129.0 008 131011s1684 it u000 u lat u 013 $a135034 026 $aseam o-t. seum doos (3) 1684 (R) 040 $aSeMil$bita 100 1 $aJoćo : de Santo Thomaz .$0(OLS)http://semarc/name/532 245 10$aNaturalis philosophiae quartae partis. Quae de ente mobili animato agit, ad libros Aristotelis de anima. Tomus secundus. Auctore P.M.F. Ioanne de S. Thoma .. 300 $a[12], 330, [18] p. 500 $aSegn.: pg6 A-O12 P6 773 0 $aJoćo : de Santo Thomaz $tNaturalis philosophiae 1. [-4. pars]. Quae de Natura in communi, eiusque affectionibus differit. ... Auctore P.M.F. Ioanne de S. Thoma Lisboniensi ord. Praedicat. ... Admodum reuerendo patri patri Angelo Gabrielli Natter ..$dBononiae : Typis Iosephi Longi, 1684.$g[5$w()28874 850 $aSeMil 852 $aSeMil$W1$xVenegono$y1$m2Q I 13 FA$j109354$B109354$CSeMilBibl$Z2$F184063 $8I 941 1 $a10 961 $aRecupero: Mantegazza 996 $6245$aNaturalis philosophiae quartae partis. Quae de ente mobili animato agit, ad libros Aristotelis de anima. Tomus secundus. Auctore P.M.F. Ioanne de S. Thoma ..$9(OLS)http://semarc/title/231265